000 01353nam2a22002411 4500
001 v19\rc\1629067
005 20250620065818.0
035 _a(NLR Aleph) 005218586
090 _a5482284
_c5482284
100 _a20061002d1912 |||y0rusy50 ca
101 0 _arus
102 _aRU
105 _ay z |||||
200 0 _a... за 1911 год
210 _d1912
_aБ. м.
461 0 _1001v19\rc\1629056
_12001#$aОтчет Церковного попечительства о бедных прихожанах Армяно-Григорианской церкви св. Григория Просветителя в г. Одессе...$v... за 1911 год
_95482176
_aОдесское Армяно-Григорианское св. Григория Просветителя церковное попечительство о бедных прихожанах
_cОдесса
_d1899-[1916]
_tОтчет Церковного попечительства о бедных прихожанах Армяно-Григорианской церкви св. Григория Просветителя в г. Одессе...
_v... за 1911 год
801 0 _aRU
_bNLR
_c20061002
_gpsbo
801 0 _aRU
_bRuMoRGB
_c20061002
_2psbo
801 1 _aRU
_bProSoft-M
_c20061002
_2rusmarc
801 2 _aRU
_bNLR
_c20070628
_2rusmarc
852 _aNLR
_j18.303.8.213
942 _cBOOK
980 _aNB